Archivistica : principi e problemi / Elio Lodolini principi e problemi / Elio Lodolini
Descripción Física:
315 p. ; 22 cm
Colección:
Manuali Professionali Franco Angeli
Materias:
Arxivística
MARC
| LEADER | 00000nam a2200000Ia 4500 | ||
|---|---|---|---|
| 001 | 7591 | ||
| 008 | 160829s1987 xx 000 0 cat d | ||
| 080 | |a A-1-303 | ||
| 100 | |a Lodolini, Elio |9 22420 | ||
| 245 | |a Archivistica : |b principi e problemi / Elio Lodolini | ||
| 250 | |a 4a. ed. | ||
| 260 | |a Milà : |b Franco Angeli Libri, |c 1987 | ||
| 300 | |a 315 p. ; |c 22 cm | ||
| 490 | |a Manuali Professionali Franco Angeli | ||
| 650 | |a Arxivística |9 36557 | ||
| 901 | |a Arxiu | ||
| 942 | |n 1 | ||
| 952 | |0 0 |1 0 |4 0 |6 A1303 |7 1 |9 42209 |a Arxiu |b Arxiu |d 2016-12-01 |l 0 |o A-1-303 |p 7591 |r 2016-12-01 00:00:00 |w 2016-12-01 |y ARXIU | ||
| 999 | |c 44656 |d 44656 | ||